[Event "Dhaka Sheikh Russel op"]
[Site "Dhaka"]
[Date "2021.10.23"]
[Round "5"]
[White "Rahman, Md Taibur"]
[Black "Zubarev, Alexander2222"]
[Result "1/2-1/2"]
[WhiteElo "2223"]
[BlackElo "2395"]
[PlyCount "180"]
[EventDate "2021.10.19"]
[EventType "swiss"]
[EventRounds "9"]
[EventCountry "BAN"]
[SourceTitle "CBM 204 Extra"]
[Source "ChessBase"]
[SourceDate "2021.11.30"]
[SourceVersion "1"]
[SourceVersionDate "2021.11.30"]
[SourceQuality "1"]

1. d4 Nf6 2. c4 g6 3. Nc3 Bg7 4. e4 0-0 5. Nf3 d6 6. Be2 Bg4 7. Be3 a6 8. 0-0 Nfd7 9. Nd2 Bxe2 10. Qxe2 Nc6 11. Nb3 a5 12. Rad1 a4 13. Na1 e5 14. Nc2 Re8 15. d5 Ne7 16. b4 axb3 17. axb3 f5 18. f3 Nf6 19. Ra1 Rb8 20. c5 dxc5 21. Bxc5 Nc8 22. Na3 Nd7 23. Bf2 Bf8 24. Nab5 Kh8 25. Rfd1 c6 26. Na7 Nxa7 27. Rxa7 Qc8 28. Ra4 Nc5 29. Bxc5 Bxc5+ 30. Kh1 b5 31. Ra2 Bd4 32. Rc2 Qd7 33. dxc6 Qxc6 34. Nd5 Qd6 35. Rdc1 fxe4 36. fxe4 Rf8 37. Qg4 Rb7 38. Rc8 Rbf7 39. h3 Qa3 40. b4 Rxc8 41. Qxc8+ Kg7 42. Kh2 Bf2 43. Qc3 Qxc3 44. Rxc3 Bd4 45. Rc7 Rxc7 46. Nxc7 Bc3 47. Nd5 Bd4 48. Kg3 h5 49. Kf3 Kh6 50. Ke2 Kg5 51. g3 Bb2 52. Ke3 Bd4+ 53. Kf3 Bb2 54. Nc7 Bc3 55. Nxb5 Bxb4 56. Nc7 Be1 57. Nd5 Kh6 58. Ne3 Kg5 59. Nf1 Ba5 60. Nh2 Kf6 61. Ke3 Bb6+ 62. Kd3 Ke6 63. Nf3 Bf2 64. g4 hxg4 65. hxg4 Bb6 66. Kc4 Bd8 67. Kc5 Be7+ 68. Kc6 Bb4 69. g5 Ba5 70. Nh4 Bd8 71. Nxg6 Bxg5 72. Nf8+ Ke7 73. Nd7 Bf4 74. Nc5 Bh2 75. Kd5 Kf6 76. Nd7+ Kf7 77. Kd6 Bg3 78. Nb6 Bh2 79. Nd5 Bg3 80. Ne7 Bh2 81. Nf5 Bf4 82. Kd7 Bh2 83. Nh6+ Kf8 84. Ke6 Bf4 85. Ng4 Bg3 86. Nf6 Bh2 87. Nd5 Bg3 88. Nc3 Bh2 89. Ne2 Ke8 90. Kf6 Kf8 1/2-1/2

[Event "Dhaka Year Long IM 2nd"]
[Site "Dhaka"]
[Date "2021.10.13"]
[Round "4"]
[White "Zia, Tahsin Tajwar"]
[Black "Rahman, Md Taibur"]
[Result "0-1"]
[WhiteElo "2212"]
[BlackElo "2223"]
[PlyCount "100"]
[EventDate "2021.10.10"]
[EventType "tourn"]
[EventRounds "9"]
[EventCountry "BAN"]
[SourceTitle "CBM 204 Extra"]
[Source "ChessBase"]
[SourceDate "2021.11.30"]
[SourceVersion "1"]
[SourceVersionDate "2021.11.30"]
[SourceQuality "1"]

1. d4 d5 2. c4 e6 3. Nf3 Nf6 4. g3 dxc4 5. Bg2 c5 6. 0-0 Nc6 7. dxc5 Qxd1 8. Rxd1 Bxc5 9. Nc3 0-0 10. Bg5 Be7 11. Nd2 h6 12. Bxf6 Bxf6 13. Nxc4 Rb8 14. Ne4 Be7 15. Ned6 Rd8 16. Rd2 b5 17. Ne3 Rxd6 18. Rxd6 Bxd6 19. Rd1 Bxg3 20. hxg3 Bb7 21. Rd7 Nd8 22. Bxb7 Nxb7 23. Ng4 a5 24. Ne5 Nd8 25. Ra7 a4 26. f4 f6 27. Nd3 Kf8 28. Rd7 Rc8 29. Kf2 g5 30. Kf3 Ke8 31. Rg7 Nf7 32. Rg8+ Kd7 33. Rxc8 Kxc8 34. Nc5 e5 35. f5 Nd6 36. Kg4 Kc7 37. Ne6+ Kc6 38. Ng7 Ne4 39. Kf3 Nd2+ 40. Kg4 Nc4 41. Ne8 Nxb2 42. Nxf6 Nc4 43. e4 Nd6 44. Kh5 b4 45. Nd5 b3 46. axb3 axb3 47. Nc3 b2 48. Nb1 Nxe4 49. g4 Nd6 50. f6 e4 0-1

[Event "Dhaka Year Long IM 2nd"]
[Site "Dhaka"]
[Date "2021.10.12"]
[Round "3"]
[White "Islam, Khandaker Aminul"]
[Black "Rahman, Md Taibur"]
[Result "1-0"]
[WhiteElo "2182"]
[BlackElo "2223"]
[PlyCount "96"]
[EventDate "2021.10.10"]
[EventType "tourn"]
[EventRounds "9"]
[EventCountry "BAN"]
[SourceTitle "CBM 204 Extra"]
[Source "ChessBase"]
[SourceDate "2021.11.30"]
[SourceVersion "1"]
[SourceVersionDate "2021.11.30"]
[SourceQuality "1"]

1. c3 Nf6 2. Nf3 c5 3. d4 e6 4. Bg5 cxd4 5. Nxd4 d5 6. Nd2 Be7 7. e3 0-0 8. Bd3 Nc6 9. Bc2 Qb6 10. Rb1 Qa6 11. a4 Bd7 12. N2f3 Rfe8 13. Nb5 Qb6 14. 0-0 a6 15. Nbd4 h6 16. Bh4 Rad8 17. Qd3 Ne4 18. Nxc6 bxc6 19. Bxe7 Rxe7 20. Rfd1 c5 21. Ne5 Qd6 22. Nxf7 Rxf7 23. Qxe4 Qxh2+ 24. Kxh2 dxe4 25. Bxe4 Rb8 26. b3 Kf8 27. Rd6 a5 28. Rbd1 Be8 29. Rd8 Rxd8 30. Rxd8 Ke7 31. Ra8 Rxf2 32. Rxa5 Rb2 33. Ra7+ Kf6 34. Rb7 Ke5 35. Bf3 g5 36. a5 Ra2 37. Re7 Bg6 38. b4 h5 39. Bb7 h4 40. Rc7 cxb4 41. cxb4 g4 42. Rc5+ Kf6 43. e4 e5 44. a6 Be8 45. Ra5 Rb2 46. a7 Rb1 47. a8Q g3+ 48. Kh3 Ra1 1-0

[Event "Dhaka Sheikh Hasina op"]
[Site "Dhaka"]
[Date "2021.09.24"]
[Round "6"]
[White "Aronyak, Ghosh"]
[Black "Rahman, Md Taibur"]
[Result "1-0"]
[WhiteElo "2440"]
[BlackElo "2199"]
[PlyCount "85"]
[EventDate "2021.09.19"]
[EventType "swiss"]
[EventRounds "9"]
[EventCountry "BAN"]
[SourceTitle "CBM 204 Extra"]
[Source "ChessBase"]
[SourceDate "2021.11.30"]
[SourceVersion "1"]
[SourceVersionDate "2021.11.30"]
[SourceQuality "1"]

1. c4 e6 2. Nc3 d5 3. e3 Nf6 4. Nf3 c5 5. cxd5 exd5 6. d4 Nc6 7. Bb5 Bd6 8. dxc5 Bxc5 9. 0-0 0-0 10. b3 Bg4 11. Bb2 a6 12. Bxc6 bxc6 13. Rc1 Ba7 14. Ne2 Rc8 15. Ne5 Qd6 16. h3 Bh5 17. Qd3 Rfe8 18. Nf4 Rxe5 19. Qxa6 Rc7 20. Bxe5 Qxe5 21. Rxc6 Rxc6 22. Qxc6 g5 23. Nxh5 Nxh5 24. Rc1 Bxe3 25. Qc7 Qe4 26. fxe3 Qxe3+ 27. Kh2 d4 28. Rf1 f6 29. Rd1 d3 30. Qd8+ Kg7 31. Qxd3 Qf4+ 32. Kg1 Ng3 33. Re1 Kh6 34. a4 Nh5 35. Qd8 Qb4 36. Re7 Qxb3 37. a5 Qc4 38. Qd6 Qc3 39. Rc7 Qa1+ 40. Kh2 Nf4 41. Qf8+ Kg6 42. Qe8+ Kh6 43. Qf7 1-0

[Event "Dhaka Sheikh Hasina op"]
[Site "Dhaka"]
[Date "2021.09.19"]
[Round "1"]
[White "Rahman, Md Taibur"]
[Black "Sumets, Andrey"]
[Result "0-1"]
[WhiteElo "2199"]
[BlackElo "2541"]
[PlyCount "92"]
[EventDate "2021.09.19"]
[EventType "swiss"]
[EventRounds "9"]
[EventCountry "BAN"]
[SourceTitle "CBM 204 Extra"]
[Source "ChessBase"]
[SourceDate "2021.11.30"]
[SourceVersion "1"]
[SourceVersionDate "2021.11.30"]
[SourceQuality "1"]

1. d4 Nf6 2. c4 e6 3. Nf3 b6 4. g3 Bb7 5. Bg2 c5 6. d5 exd5 7. Nh4 g6 8. Nc3 Bg7 9. Nxd5 Nxd5 10. Bxd5 Qc8 11. 0-0 0-0 12. Ng2 Bxd5 13. Qxd5 Nc6 14. Nf4 Qa6 15. Nd3 Nd4 16. e3 Nb3 17. axb3 Qxa1 18. e4 Qa2 19. h4 Qxb3 20. Bf4 Qa4 21. Ne5 Bxe5 22. Qxe5 Qxc4 23. Bh6 f6 24. Qf4 Rf7 25. Rd1 Re8 26. f3 Qe6 27. Kg2 f5 28. Rd6 Qe5 29. exf5 Qxf4 30. Bxf4 gxf5 31. Rd2 Re6 32. Kh3 Kg7 33. h5 h6 34. Rd5 Kf8 35. Bd6+ Ke8 36. f4 Rg7 37. Be5 Rg8 38. Kg2 Ke7 39. Kf3 d6 40. Bc3 Rf8 41. Rd1 a5 42. b3 Rg8 43. Rd5 Rxg3+ 44. Kxg3 Re3+ 45. Kh4 Rxc3 46. Rxf5 Rxb3 0-1

[Event "BAN-chT Premier"]
[Site "Dhaka"]
[Date "2021.03.23"]
[Round "5.4"]
[White "Rahman, Ziaur"]
[Black "Rahman, Md Taibur"]
[Result "1-0"]
[WhiteElo "2419"]
[BlackElo "2215"]
[PlyCount "95"]
[EventDate "2021.03.19"]
[EventType "team-tourn"]
[EventRounds "11"]
[EventCountry "BAN"]
[SourceTitle "CBM 201 Extra"]
[Source "ChessBase"]
[SourceDate "2021.05.31"]
[SourceVersion "1"]
[SourceVersionDate "2021.05.31"]
[SourceQuality "1"]
[WhiteTeam "Bangladesh Police"]
[BlackTeam "Bangladesh Biman"]
[WhiteTeamCountry "BAN"]
[BlackTeamCountry "BAN"]

1. Nf3 d5 2. g3 c5 3. Bg2 e6 4. 0-0 Nf6 5. c4 Nc6 6. cxd5 exd5 7. d4 cxd4 8. Nxd4 Bc5 9. Nxc6 bxc6 10. Qc2 Qe7 11. Bg5 0-0 12. Bxf6 gxf6 13. e3 Bg4 14. Nd2 Rac8 15. Rac1 Bb6 16. Nb3 Qe5 17. a4 Rb8 18. Rfe1 Rfc8 19. Qd2 a6 20. Rc3 h5 21. Rec1 h4 22. a5 Ba7 23. h3 Be6 24. gxh4 Rb4 25. Rxc6 Rcb8 26. Nc5 Rxb2 27. Qd4 Bxc5 28. R6xc5 Qxd4 29. exd4 Rd2 30. Bxd5 Rbb2 31. Bxe6 fxe6 32. Rc8+ Kg7 33. R1c7+ Kg6 34. Rg8+ Kf5 35. Rc5+ Ke4 36. Rg4+ Kd3 37. Rf4 Rb4 38. Rxf6 Kxd4 39. Rc6 Ra2 40. Rxa6 e5 41. h5 Rb3 42. Kg2 Raa3 43. Rad6+ Kc5 44. Rc6+ Kd5 45. a6 Rxh3 46. a7 Rxh5 47. Ra6 Rg5+ 48. Kf1 1-0

[Event "Joytu Sheikh Hasina Online op"]
[Site "Chess.com INT"]
[Date "2020.09.26"]
[Round "7"]
[White "Hossain, Enamul"]
[Black "Rahman, Md Taibur"]
[Result "1-0"]
[WhiteElo "2426"]
[BlackElo "2215"]
[PlyCount "81"]
[EventDate "2020.09.24"]
[EventType "swiss"]
[EventRounds "9"]
[EventCountry "BAN"]
[SourceTitle "EXT 2022"]
[Source "ChessBase"]
[SourceDate "2021.10.06"]
[SourceVersion "1"]
[SourceVersionDate "2021.10.06"]
[SourceQuality "1"]

1. e4 c5 2. c3 Nf6 3. e5 Nd5 4. Nf3 Nc6 5. Bc4 e6 6. d4 cxd4 7. cxd4 d6 8. 0-0 Be7 9. Qe2 0-0 10. Rd1 Bd7 11. a3 Rc8 12. Nbd2 Na5 13. Ba2 Qb6 14. exd6 Bxd6 15. Ne4 Bb5 16. Qe1 Rfd8 17. Bg5 Be7 18. Bxd5 Bxg5 19. Bxe6 fxe6 20. Nexg5 Nb3 21. Qe4 g6 22. Nxh7 Kxh7 23. Ng5+ Kg7 24. Qe5+ Kg8 25. Qf6 Qc7 26. Qxe6+ Kg7 27. Qxb3 Bc4 28. Qh3 Rh8 29. Qg3 Rh5 30. Qxc7+ Rxc7 31. f4 Rd7 32. Rac1 b5 33. Rc3 Rh8 34. b3 Bd5 35. Rdc1 Rhd8 36. Rc7 Kf6 37. Kf2 Kf5 38. g3 Bxb3 39. R1c5+ Rd5 40. Rf7+ Kg4 41. h3+ 1-0

[Event "Verbandsliga Nordbaden 1920"]
[Site "Baden"]
[Date "2020.03.08"]
[Round "7.2"]
[White "Spieker, Michael"]
[Black "Rahman, Md Taibur"]
[Result "0-1"]
[WhiteElo "2062"]
[BlackElo "2196"]
[PlyCount "42"]
[EventDate "2019.09.29"]
[EventType "team-tourn"]
[EventRounds "9"]
[EventCountry "GER"]
[SourceTitle "EXT 2021"]
[Source "ChessBase"]
[SourceDate "2020.10.23"]
[SourceVersion "1"]
[SourceVersionDate "2020.10.23"]
[SourceQuality "1"]
[WhiteTeam "Karlsruhe II"]
[BlackTeam "Buchen II"]
[WhiteTeamCountry "GER"]
[BlackTeamCountry "GER"]

1. e4 c5 2. Nf3 Nc6 3. d4 cxd4 4. Nxd4 e5 5. Nb5 d6 6. N1c3 a6 7. Na3 b5 8. Nd5 Nge7 9. Bg5 f6 10. Qh5+ g6 11. Nxf6+ Kf7 12. Qh4 h6 13. Nd5 hxg5 14. Qxh8 Qa5+ 15. b4 Nxb4 16. Qf6+ Ke8 17. 0-0-0 Qxa3+ 18. Kd2 Nexd5 19. exd5 Bf5 20. h4 Nxd5 21. Rh3 Qa5+ 0-1

[Event "BAN-ch 45th"]
[Site "Dhaka"]
[Date "2019.11.06"]
[Round "5"]
[White "Mollah Abdullah, Al Rakib"]
[Black "Rahman, Md Taibur"]
[Result "1/2-1/2"]
[WhiteElo "2462"]
[BlackElo "2196"]
[PlyCount "126"]
[EventDate "2019.11.02"]
[EventType "swiss"]
[EventRounds "10"]
[EventCountry "BAN"]
[SourceTitle "CBM 192 Extra"]
[Source "Chessbase"]
[SourceDate "2019.11.06"]
[SourceVersion "1"]
[SourceVersionDate "2019.11.06"]
[SourceQuality "1"]

1. d4 d5 2. Nf3 c5 3. dxc5 e6 4. e4 Bxc5 5. Bb5+ Nc6 6. exd5 exd5 7. 0-0 Nge7 8. Nbd2 0-0 9. Nb3 Bb6 10. c3 Bg4 11. h3 Bh5 12. Bf4 Qc8 13. Bd3 Bg6 14. Re1 Rd8 15. Be3 Bc7 16. Nbd4 Nxd4 17. Bxd4 Nc6 18. Qd2 Qd7 19. Rad1 Re8 20. Rxe8+ Rxe8 21. Bxg6 hxg6 22. Bc5 Rd8 23. Re1 Bd6 24. Bxd6 Qxd6 25. Nd4 Qf6 26. Nxc6 bxc6 27. Qe3 d4 28. cxd4 Qxd4 29. Qxd4 Rxd4 30. Re2 Kf8 31. Rc2 Rd1+ 32. Kh2 Rd6 33. Kg3 Ke7 34. Rc5 Rd3+ 35. f3 Rd6 36. Ra5 Rd7 37. b4 Kd8 38. Ra6 Rc7 39. Kf4 Kc8 40. Ra5 Re7 41. h4 Kb7 42. a3 Kb6 43. g4 Rd7 44. h5 gxh5 45. gxh5 Rd4+ 46. Ke3 Rh4 47. Rg5 f6 48. Rxg7 Rxh5 49. Rg6 Re5+ 50. Kd4 Rd5+ 51. Ke3 Re5+ 52. Kf4 a5 53. Rxf6 Rb5 54. Rf5 axb4 55. Rxb5+ Kxb5 56. axb4 Kxb4 57. Ke5 c5 58. f4 c4 59. f5 c3 60. f6 c2 61. f7 c1Q 62. f8Q+ Qc5+ 63. Qxc5+ Kxc5 1/2-1/2

[Event "BAN-ch 45th"]
[Site "Dhaka"]
[Date "2019.11.05"]
[Round "4"]
[White "Rahman, Md Taibur"]
[Black "Ahmed, Sk Nasir"]
[Result "1-0"]
[WhiteElo "2196"]
[BlackElo "2186"]
[PlyCount "77"]
[EventDate "2019.11.02"]
[EventType "swiss"]
[EventRounds "10"]
[EventCountry "BAN"]
[SourceTitle "CBM 192 Extra"]
[Source "Chessbase"]
[SourceDate "2019.11.06"]
[SourceVersion "1"]
[SourceVersionDate "2019.11.06"]
[SourceQuality "1"]

1. d4 e6 2. c4 Nf6 3. Nc3 Bb4 4. e3 0-0 5. Bd3 c5 6. Nf3 d5 7. cxd5 exd5 8. 0-0 c4 9. Bc2 Bg4 10. Ne2 Nc6 11. Ne5 Bh5 12. f3 Qe7 13. Ng3 Bg6 14. f4 Bxc2 15. Qxc2 Rac8 16. Rf3 Qe6 17. Qa4 Be1 18. Ne2 Ne4 19. Rf1 Bh4 20. Nc3 Nxe5 21. fxe5 f6 22. Nxe4 dxe4 23. exf6 Rxf6 24. Bd2 Rg6 25. Qc2 Qg4 26. Bb4 Bg5 27. Rae1 h5 28. d5 b6 29. h3 Qh4 30. Kh1 Be7 31. d6 Bxd6 32. Bxd6 Rxd6 33. Re2 Rd3 34. Qa4 Qe7 35. Qb5 Rc5 36. Qb4 Qg5 37. Qa4 Rxe3 38. Qe8+ Kh7 39. Rf8 1-0

[Event "Asian Cities-chT"]
[Site "Dhaka"]
[Date "2019.07.16"]
[Round "8.4"]
[White "Mohammad, Minhaz Uddin"]
[Black "Rahman, Md Taibur"]
[Result "1-0"]
[WhiteElo "2312"]
[BlackElo "2203"]
[PlyCount "55"]
[EventDate "2019.07.10"]
[EventType "team-swiss"]
[EventRounds "9"]
[EventCountry "BAN"]
[SourceTitle "EXT 2020"]
[Source "ChessBase"]
[SourceDate "2019.10.17"]
[SourceVersion "1"]
[SourceVersionDate "2019.10.17"]
[SourceQuality "1"]
[WhiteTeam "Dhaka"]
[BlackTeam "Chattagram City"]
[WhiteTeamCountry "BAN"]
[BlackTeamCountry "BAN"]

1. e4 c5 2. Nf3 e6 3. d4 cxd4 4. Nxd4 Nc6 5. Nc3 Qc7 6. Be2 Nf6 7. 0-0 Be7 8. Be3 0-0 9. f4 d6 10. Kh1 Nxd4 11. Bxd4 e5 12. Be3 b6 13. f5 Bb7 14. Nd5 Bxd5 15. exd5 Rac8 16. Ba6 Rcd8 17. a4 Nd7 18. Ra3 Bf6 19. Rc3 Qb8 20. Bc1 Rfe8 21. Bb5 Re7 22. Rh3 Nf8 23. Qg4 Qc8 24. Rg3 g6 25. Rc3 Qb7 26. fxg6 Bg7 27. gxh7+ Kxh7 28. Bg5 1-0

[Event "Asia zt 3.2"]
[Site "Dhaka"]
[Date "2019.03.21"]
[Round "7"]
[White "Chowdhury, Sohel"]
[Black "Rahman, Md Taibur"]
[Result "1-0"]
[WhiteElo "1975"]
[BlackElo "2226"]
[PlyCount "81"]
[EventDate "2019.03.15"]
[EventType "swiss"]
[EventRounds "9"]
[EventCountry "BAN"]
[SourceTitle "CBM 189 Extra"]
[Source "ChessBase"]
[SourceDate "2019.06.03"]
[SourceVersion "1"]
[SourceVersionDate "2019.06.03"]
[SourceQuality "1"]

1. e4 c5 2. Nc3 Nc6 3. g3 Nf6 4. Bg2 e6 5. d3 d5 6. Nge2 d4 7. Nb1 e5 8. 0-0 Be7 9. h3 0-0 10. f4 b5 11. Nd2 Ne8 12. Nf3 f6 13. f5 c4 14. g4 Nd6 15. Ng3 Bd7 16. Bd2 Rc8 17. Rf2 Nf7 18. Bf1 Nb4 19. a3 Na6 20. h4 h6 21. Rg2 cxd3 22. cxd3 Nc5 23. Nh5 Rc6 24. Rc1 a5 25. b4 axb4 26. axb4 Na4 27. Rxc6 Bxc6 28. g5 hxg5 29. hxg5 fxg5 30. Qb3 Kh8 31. Rh2 Nh6 32. Nxe5 Be8 33. Be1 Bd6 34. Bg3 Kh7 35. Qe6 Qe7 36. Nxg7 Qxg7 37. Qxd6 Rf6 38. Qxd4 Kg8 39. Qd8 Rf8 40. Qd5+ Nf7 41. Ng6 1-0

[Event "BAN-ch 44th"]
[Site "Dhaka"]
[Date "2018.12.03"]
[Round "10"]
[White "Rahman, Md Taibur"]
[Black "Rahman, Ziaur"]
[Result "0-1"]
[WhiteElo "2239"]
[BlackElo "2468"]
[PlyCount "65"]
[EventDate "2018.11.24"]
[EventType "swiss"]
[EventRounds "10"]
[EventCountry "BAN"]
[SourceTitle "CBM 187 Extra"]
[Source "ChessBase"]
[SourceDate "2018.11.04"]
[SourceVersion "1"]
[SourceVersionDate "2018.11.04"]
[SourceQuality "1"]

1. d4 g6 2. c4 Bg7 3. Nf3 d6 4. Nc3 Nf6 5. e4 0-0 6. Be2 Bg4 7. 0-0 Nfd7 8. Be3 Nc6 9. Ne1 Bxe2 10. Nxe2 Na5 11. Rc1 c5 12. Qd2 cxd4 13. Bxd4 Ne5 14. b3 Nac6 15. Bc3 a5 16. Nd3 a4 17. Nxe5 Nxe5 18. Bd4 axb3 19. axb3 Qa5 20. Qe3 Ng4 21. Qg3 Nf6 22. Qd3 Qb4 23. Ra1 Nd7 24. Bxg7 Kxg7 25. f3 Rxa1 26. Rxa1 Ra8 27. Rb1 Nc5 28. Qc2 Ra3 29. Nd4 e5 30. Nb5 Rxb3 31. Rd1 Rb2 32. Qc1 Nd3 33. Qc3 0-1

[Event "BAN-ch 44th"]
[Site "Dhaka"]
[Date "2018.12.01"]
[Round "8"]
[White "Mehdi, Hasan Parag"]
[Black "Rahman, Md Taibur"]
[Result "1-0"]
[WhiteElo "2218"]
[BlackElo "2239"]
[PlyCount "59"]
[EventDate "2018.11.24"]
[EventType "swiss"]
[EventRounds "10"]
[EventCountry "BAN"]
[SourceTitle "CBM 187 Extra"]
[Source "ChessBase"]
[SourceDate "2018.11.04"]
[SourceVersion "1"]
[SourceVersionDate "2018.11.04"]
[SourceQuality "1"]

1. e4 c5 2. Nf3 Nf6 3. Nc3 d5 4. exd5 Nxd5 5. Bc4 e6 6. 0-0 Be7 7. Re1 Nc6 8. Ne4 0-0 9. d4 Nb6 10. Bd3 cxd4 11. Bb5 Nb4 12. a3 Qd5 13. axb4 Qxb5 14. Nxd4 Qxb4 15. c3 Qc4 16. b3 Qd5 17. c4 Qd8 18. Bb2 Nd7 19. Qf3 Nc5 20. Red1 Qb6 21. Ng3 Rd8 22. Nh5 Bf8 23. Nb5 Bd7 24. Bxg7 e5 25. Bxe5 f5 26. Nf6+ Kf7 27. Qh5+ Ke6 28. Nc7+ Kxe5 29. Ng4+ Ke4 30. f3+ 1-0

[Event "BAN-ch 44th"]
[Site "Dhaka"]
[Date "2018.11.30"]
[Round "7"]
[White "Rahman, Md Taibur"]
[Black "Mohammad Fahad, Rahman"]
[Result "1-0"]
[WhiteElo "2239"]
[BlackElo "2381"]
[PlyCount "75"]
[EventDate "2018.11.24"]
[EventType "swiss"]
[EventRounds "10"]
[EventCountry "BAN"]
[SourceTitle "CBM 187 Extra"]
[Source "ChessBase"]
[SourceDate "2018.11.04"]
[SourceVersion "1"]
[SourceVersionDate "2018.11.04"]
[SourceQuality "1"]

1. d4 Nf6 2. c4 e6 3. Nc3 Bb4 4. e3 0-0 5. Bd3 c5 6. Nf3 Nc6 7. 0-0 Bxc3 8. bxc3 d6 9. e4 e5 10. d5 Ne7 11. Nh4 Ng6 12. Nf5 Ne7 13. Ne3 Ne8 14. Rb1 b6 15. a4 f5 16. exf5 Nxf5 17. Qc2 g6 18. f4 Nxe3 19. Bxe3 Ng7 20. fxe5 dxe5 21. Rxf8+ Qxf8 22. a5 Qd6 23. Qa2 Bf5 24. Bxf5 Nxf5 25. Bf2 Rb8 26. axb6 axb6 27. Qa7 Nh6 28. Rb5 Qd8 29. h3 Ra8 30. Qxb6 Ra1+ 31. Kh2 Qxb6 32. Rxb6 Ra4 33. d6 Kf7 34. Rb7+ Ke6 35. Bxc5 Nf5 36. d7 Ra8 37. Bb6 Nd6 38. Ra7 1-0

[Event "Chittagong op"]
[Site "Chittagong"]
[Date "2018.09.05"]
[Round "5"]
[White "Rahman, Md Taibur"]
[Black "Rahman, Syed Mahfuzur"]
[Result "0-1"]
[WhiteElo "2217"]
[BlackElo "2201"]
[PlyCount "70"]
[EventDate "2018.09.02"]
[EventType "swiss"]
[EventRounds "10"]
[EventCountry "BAN"]
[SourceTitle "CBM 186 Extra"]
[Source "ChessBase"]
[SourceDate "2018.08.24"]
[SourceVersion "1"]
[SourceVersionDate "2018.08.24"]
[SourceQuality "1"]

1. d4 d5 2. c4 e6 3. Nc3 c6 4. cxd5 exd5 5. Nf3 Bf5 6. h3 Bd6 7. Bg5 f6 8. Bd2 Ne7 9. e3 Nd7 10. Nh4 Be6 11. Bd3 f5 12. Qc2 g6 13. Nf3 Nf6 14. Ne5 Ne4 15. Ne2 Qc7 16. f4 Ng8 17. 0-0 Nxd2 18. Qxd2 Nf6 19. a3 Ne4 20. Qc2 0-0 21. Rfc1 Rfc8 22. b4 a5 23. Qb3 Qe7 24. bxa5 Rxa5 25. a4 Rca8 26. Rc2 Kg7 27. Rb2 R8a7 28. Qc2 Ba3 29. Rba2 Rxa4 30. Nc1 Bxc1 31. Rxa4 Bxe3+ 32. Kh1 Rxa4 33. Rxa4 Qh4 34. Bxe4 Qe1+ 35. Kh2 Bg1+ 0-1